[Event "1617LLO"]
[Site "Mecklenburg-Vorpommern"]
[Date "2017.04.02"]
[Round "8.2"]
[White "Schmidt, Joerg"]
[Black "Wurst, Maximilian"]
[Result "1/2-1/2"]
[WhiteElo "1878"]
[BlackElo "1659"]
[PlyCount "114"]
[EventDate "2016.11.06"]
[EventType "team-tourn"]
[EventRounds "9"]
[SourceDate "2016.10.16"]
[WhiteTeam "Waren/Malchow"]
[BlackTeam "SSC Rostock III"]

1. c4 e5 2. Nc3 Nf6 3. g3 Bc5 4. Bg2 d6 5. e3 c6 6. Nge2 O-O 7. O-O Bf5 8. d4
Bb6 9. b4 Qe7 10. Bb2 Rd8 11. d5 c5 12. b5 Nbd7 13. e4 Bg4 14. Qd3 Nf8 15. h3
Bd7 16. Rae1 Ng6 17. Nd1 a6 18. a4 axb5 19. axb5 Ba5 20. Nec3 b6 21. Ne3 Bxc3
22. Bxc3 Ra3 23. Nf5 Qf8 24. Ra1 Rda8 25. Rxa3 Rxa3 26. Qc2 Bxf5 27. exf5 Ne7
28. f4 Nxf5 29. Qb2 Ra4 30. fxe5 Ne3 31. exf6 Nxf1 32. Bxf1 gxf6 33. Qf2 Qh6
34. Qxf6 Qxf6 35. Bxf6 Kf8 36. h4 Ra2 37. g4 $4 (37. Bd8) 37... h6 38. Bd8 Ke8
39. Bf6 $4 Kf8 40. Bd3 Rd2 41. Bf1 Ra2 42. g5 hxg5 43. hxg5 $4 Ke8 44. Bc3 Ra3
45. Be1 Rf3 46. Kg2 Rf4 47. Bd2 Rd4 48. Be3 Re4 49. Kf3 Re7 50. Bh3 Ra7 51. Bf5
Ra4 52. Bd3 Ke7 53. Bf4 Ra3 54. Ke3 Ra1 55. g6 fxg6 56. Bxg6 Kd7 57. Bf5+ Kc7
1/2-1/2

[Event "1617LLO"]
[Site "Mecklenburg-Vorpommern"]
[Date "2017.04.02"]
[Round "8.3"]
[White "Wegner, Michael"]
[Black "Hertel Mach, Frank"]
[Result "1-0"]
[WhiteElo "1604"]
[BlackElo "1807"]
[PlyCount "74"]
[EventDate "2016.11.06"]
[EventType "team-tourn"]
[EventRounds "9"]
[SourceDate "2016.10.16"]
[WhiteTeam "SSC Rostock III"]
[BlackTeam "Waren/Malchow"]

1. e4 Nc6 2. Nf3 d6 3. d4 Bg4 4. Be2 e6 5. c3 Be7 6. Qb3 Qc8 7. Be3 Nf6 8. Nbd2
O-O 9. O-O d5 10. e5 Ne4 11. Bd3 f5 12. Ne1 f4 13. Nxe4 dxe4 14. Bxe4 fxe3 15.
fxe3 Rxf1+ 16. Kxf1 Qf8+ 17. Kg1 Nd8 18. Nd3 Bg5 19. Re1 c6 20. Nf2 Bf5 21. Bf3
Bh4 22. Rf1 Rc8 23. e4 Bg6 24. d5 cxd5 25. exd5 exd5 26. Bxd5+ Kh8 27. Ne4 Qe7
28. Nd6 Rc7 29. c4 h6 30. Qf3 Bf6 31. Nb5 Qxe5 32. Nxc7 Qxc7 33. Qa3 Bd4+ 34.
Kh1 Bh5 35. Qf8+ Kh7 36. Bg8+ Kh8 37. Bf7+ Kh7 1-0

[Event "1617LLO"]
[Site "Mecklenburg-Vorpommern"]
[Date "2017.04.02"]
[Round "8.4"]
[White "Kuehn, Peter"]
[Black "Worm, Alfred"]
[Result "1-0"]
[WhiteElo "1793"]
[BlackElo "1591"]
[PlyCount "89"]
[EventDate "2016.11.06"]
[EventType "team-tourn"]
[EventRounds "9"]
[SourceDate "2016.10.16"]
[WhiteTeam "Waren/Malchow"]
[BlackTeam "SSC Rostock III"]

1. e4 c6 2. d4 d5 3. f3 e6 4. Nc3 Ne7 5. Be3 g6 6. Qd2 Bg7 7. Nge2 b6 8. Bh6
O-O 9. h4 c5 10. O-O-O Nbc6 11. Bxg7 Kxg7 12. h5 Rh8 13. hxg6 hxg6 14. Rxh8
Qxh8 15. dxc5 bxc5 16. exd5 exd5 17. Nxd5 Qh6 18. Qxh6+ Kxh6 19. Nxe7 Nxe7 20.
Nf4 Kg5 21. Nd3 c4 22. Ne5 Be6 23. Bxc4 Bxc4 24. Nxc4 f5 25. Rd7 Nc6 26. Rd6
Rc8 27. b3 Kh5 28. Kb2 g5 29. Rf6 f4 30. c3 Ne7 31. Rf7 Re8 32. Nd6 Rd8 33.
Rxe7 Rxd6 34. Re2 Kh4 35. c4 Rd3 36. Kc2 Rd6 37. c5 Rd5 38. b4 a5 39. a3 Kg3
40. Kc3 Rd1 41. c6 axb4+ 42. axb4 Rd6 43. b5 Rd5 44. Kc4 Rd1 45. Rc2 1-0

[Event "1617LLO"]
[Site "Mecklenburg-Vorpommern"]
[Date "2017.04.02"]
[Round "8.5"]
[White "Raitza, Egon"]
[Black "Schreiner, Wolfgang"]
[Result "1/2-1/2"]
[WhiteElo "1559"]
[BlackElo "1786"]
[PlyCount "62"]
[EventDate "2016.11.06"]
[EventType "team-tourn"]
[EventRounds "9"]
[SourceDate "2016.10.16"]
[WhiteTeam "SSC Rostock III"]
[BlackTeam "Waren/Malchow"]

1. d4 Nf6 2. c4 e6 3. Nc3 Bb4 4. e3 c5 5. Nge2 b6 6. a3 Bxc3+ 7. Nxc3 Bb7 8. f3
O-O 9. Be2 d5 10. O-O Nc6 11. dxc5 bxc5 12. b4 cxb4 13. axb4 Nxb4 14. Ba3 a5
15. Rb1 Qb6 16. Qd4 Qxd4 17. exd4 Ba6 18. Bxb4 axb4 19. Rxb4 dxc4 20. Bxc4 Bxc4
21. Rxc4 Rfc8 22. Rxc8+ Rxc8 23. Rc1 Kf8 24. Ne2 Rxc1+ 25. Nxc1 Ke7 26. Kf2 Kd6
27. g3 Kd5 28. Ke3 Ne8 29. Kd3 g5 30. Ne2 f5 31. Nc3+ Kc6 1/2-1/2

[Event "1617LLO"]
[Site "Mecklenburg-Vorpommern"]
[Date "2017.04.02"]
[Round "8.6"]
[White "Reeps, Rickert"]
[Black "Hasenberg, Harald"]
[Result "1-0"]
[WhiteElo "1696"]
[BlackElo "1558"]
[PlyCount "69"]
[EventDate "2016.11.06"]
[EventType "team-tourn"]
[EventRounds "9"]
[SourceDate "2016.10.16"]
[WhiteTeam "Waren/Malchow"]
[BlackTeam "SSC Rostock III"]

1. d4 g6 2. Nf3 Bg7 3. e3 Nf6 4. Bd3 O-O 5. O-O b6 6. b3 Bb7 7. Bb2 Ne4 8. c4
f5 9. Nbd2 e6 10. Qc2 d5 11. Rac1 Na6 12. Ba3 c5 13. Be2 Rc8 14. Rfd1 Rf7 15.
Qb1 Rfc7 16. Bb2 g5 17. Ne5 g4 18. Nxe4 Bxe5 19. dxe5 fxe4 20. Bxg4 Qg5 21.
Bxe6+ Kf8 22. cxd5 Rg7 23. Qxe4 Ke7 24. Bh3 Rcg8 25. Qf4 Qh5 26. Qf6+ Ke8 27.
Qe6+ Kf8 28. Qd6+ Re7 29. Qd8+ Re8 30. Qf6+ Qf7 31. Qxf7+ Kxf7 32. e6+ Kf8 33.
Rc4 Nb4 34. Rf4+ Ke7 35. Rf7+ 1-0

[Event "1617LLO"]
[Site "Mecklenburg-Vorpommern"]
[Date "2017.04.02"]
[Round "8.7"]
[White "Ewert, Gerd"]
[Black "Lotz, Robert"]
[Result "1/2-1/2"]
[WhiteElo "1320"]
[BlackElo "1657"]
[PlyCount "145"]
[EventDate "2016.11.06"]
[EventType "team-tourn"]
[EventRounds "9"]
[SourceDate "2016.10.16"]
[WhiteTeam "SSC Rostock III"]
[BlackTeam "Waren/Malchow"]

1. e4 g6 2. d4 d5 3. exd5 Qxd5 4. Nc3 Qa5 5. Nf3 Bg7 6. Bc4 Bg4 7. h3 Bd7 8.
O-O Nf6 9. Re1 e6 10. a3 c6 11. Bf4 O-O 12. Be5 Nd5 13. Nxd5 cxd5 14. Ba2 Nc6
15. Bxg7 Kxg7 16. c3 Qc7 17. Qe2 f6 18. Qd2 b5 19. Bb1 Qd6 20. Nh4 Be8 21. Qe2
Bf7 22. Bd3 a6 23. Nf3 Rae8 24. Qc2 e5 25. dxe5 fxe5 26. Nh2 e4 27. Be2 Be6 28.
Bg4 h5 29. Bxe6 Rxe6 30. Re2 Ne5 31. Rf1 Nd3 32. Re3 Ref6 33. Qe2 Nf4 34. Qd2
Nd3 35. Re2 Qb6 36. Qe3 Qd6 37. f3 Nf4 38. Rd2 Qc6 39. fxe4 dxe4 40. Qd4 Kh6
41. Qe3 g5 42. Rdf2 Nd3 43. Rxf6+ Rxf6 44. Rxf6+ Qxf6 45. Qe2 Qf4 46. Nf1 h4
47. Ne3 Kg6 48. Nd1 a5 49. Ne3 a4 50. Nd1 Qf5 51. Nf2 Nxf2 52. Qxf2 Qd5 53. Qd4
Qxd4+ 54. cxd4 e3 55. Kf1 Kf5 56. Ke2 Ke4 57. d5 Kxd5 58. Kxe3 Kc4 59. Kd2 b4
60. axb4 Kxb4 61. Kc2 Kc4 62. Kd2 Kd4 63. Ke2 Ke4 64. Kd2 Kf4 65. Ke2 Kg3 66.
Kf1 Kf4 67. Ke2 Ke4 68. Kd2 g4 69. hxg4 Kf4 70. Ke2 Kxg4 71. Kf2 Kf4 72. Ke2
Ke4 73. Kd2 1/2-1/2

[Event "1617LLO"]
[Site "Mecklenburg-Vorpommern"]
[Date "2017.04.02"]
[Round "8.8"]
[White "Wahrmann, Eric"]
[Black "Schulze, Christoph"]
[Result "1/2-1/2"]
[WhiteElo "1560"]
[BlackElo "1571"]
[PlyCount "113"]
[EventDate "2016.11.06"]
[EventType "team-tourn"]
[EventRounds "9"]
[SourceDate "2016.10.16"]
[WhiteTeam "Waren/Malchow"]
[BlackTeam "SSC Rostock III"]

1. d4 d6 2. Nf3 Bg4 3. h3 Bxf3 4. exf3 d5 5. Bd3 e6 6. c3 Bd6 7. O-O Ne7 8. Be3
Nd7 9. Nd2 c6 10. f4 Qc7 11. Qg4 Ng6 12. f5 Nf6 13. Qe2 exf5 14. Bxf5 O-O 15.
Qd3 Nf4 16. Bxf4 Bxf4 17. Qc2 Rfe8 18. Rfe1 Re7 19. Rxe7 Qxe7 20. Nf3 Re8 21.
Bd3 Ne4 22. Re1 f5 23. g3 Bb8 24. Kg2 Qf6 25. c4 g5 26. Qb3 g4 27. hxg4 fxg4
28. Bxe4 gxf3+ 29. Qxf3 Qxf3+ 30. Kxf3 Rxe4 31. Rxe4 dxe4+ 32. Kxe4 Kf7 33. Kf5
Bd6 34. g4 h6 35. f3 Bg3 36. b3 b5 37. a4 bxc4 38. bxc4 Ke7 39. f4 Kd6 40. Ke4
a5 41. Kf5 Bf2 42. Ke4 Ke6 43. Kd3 Bh4 44. Ke4 Bf6 45. Kd3 h5 46. f5+ Kd6 47.
gxh5 c5 48. d5 Ke5 49. h6 Kxf5 50. h7 Bd4 51. Ke2 Kg6 52. Kf3 Kxh7 53. Ke4 Kg6
54. d6 Kf6 55. Kd5 Kf7 56. Kc6 Ke8 57. Kc7 1/2-1/2

[Event "1617LLO"]
[Site "Mecklenburg-Vorpommern"]
[Date "2017.04.02"]
[Round "8.1"]
[White "Hoerhold, Martin"]
[Black "Lange, Jannis"]
[Result "0-1"]
[WhiteElo "1718"]
[BlackElo "1778"]
[PlyCount "80"]
[EventDate "2016.11.06"]
[EventType "team-tourn"]
[EventRounds "9"]
[SourceDate "2016.10.16"]
[WhiteTeam "SG Neubrandenburg II"]
[BlackTeam "Motor Wolgast"]

1. e4 c5 2. Nf3 Nc6 3. d4 cxd4 4. Nxd4 Nf6 5. Nxc6 bxc6 6. Bd3 e5 7. c4 Bc5 8.
Nc3 d6 9. h3 Be6 10. O-O O-O 11. Bg5 h6 12. Bh4 Kh8 13. Qe2 Rg8 14. g4 g5 15.
Bg3 h5 16. Kg2 hxg4 17. h4 Nh5 18. hxg5 Qxg5 19. Rh1 Kg7 20. Rag1 Kf8 21. Kf1
Nxg3+ 22. Rxg3 Bd4 23. Nd1 Ke7 24. Ne3 Bxe3 25. Qxe3 Qxe3 26. Rxe3 Rh8 27. Rxh8
Rxh8 28. Kg2 Rg8 29. Re2 f6 30. Rc2 Kf7 31. Be2 f5 32. exf5 Bxf5 33. Rd2 Ke6
34. a3 Rb8 35. f4 gxf3+ 36. Bxf3 e4 37. Bh5 Ke5 38. Bf7 e3 39. Rxd6 Rxb2+ 40.
Kf1 Kxd6 0-1

[Event "1617LLO"]
[Site "Mecklenburg-Vorpommern"]
[Date "2017.04.02"]
[Round "8.2"]
[White "Reinke, Thomas"]
[Black "Leisner, Ekkehardt"]
[Result "1-0"]
[WhiteElo "1876"]
[BlackElo "1713"]
[PlyCount "158"]
[EventDate "2016.11.06"]
[EventType "team-tourn"]
[EventRounds "9"]
[SourceDate "2016.10.16"]
[WhiteTeam "Motor Wolgast"]
[BlackTeam "SG Neubrandenburg II"]

1. e4 c5 2. Nc3 e6 3. g3 a6 4. Bg2 Nc6 5. f4 Qc7 6. Nf3 d6 7. d3 g6 8. Ne2 Bg7
9. c3 Nge7 10. Be3 b6 11. O-O O-O 12. Qd2 Bb7 13. g4 d5 14. e5 f6 15. d4 Na5
16. b3 f5 17. Bh3 Bc8 18. Ng3 Kh8 19. Kh1 Bd7 20. Rg1 Bh6 21. gxf5 Nxf5 22.
Nxf5 gxf5 23. Ng5 Bxg5 24. Rxg5 Rg8 25. Rag1 Rxg5 26. Rxg5 cxd4 27. Bxd4 Nc6
28. Bxf5 Rf8 29. Bb1 Ne7 30. f5 Rf7 31. Qg2 Qd8 32. f6 Nc6 33. Bxb6 Qf8 34. Bd4
Bc8 35. Rg7 Rxg7 36. fxg7+ Qxg7 37. Qxg7+ Kxg7 38. Kg2 h6 39. Kf3 a5 40. Bd3
Bd7 41. Kf4 a4 42. Bc5 Na5 43. Bc2 Nb7 44. Bb6 axb3 45. axb3 Bb5 46. Ke3 Kf7
47. Kd4 Ke7 48. c4 dxc4 49. bxc4 Ba6 50. Ba4 Nd8 51. Bxd8+ Kxd8 52. Bc6 Kc7 53.
Be8 Bc8 54. Kc5 Ba6 55. h4 Bc8 56. Kd4 Kd8 57. Bb5 Kc7 58. c5 Bb7 59. Bd3 Bc8
60. Be4 Bd7 61. Bf3 Be8 62. Be2 Bc6 63. Bc4 Bd7 64. Bb3 Bc8 65. Ba4 Bb7 66. Bb5
Ba8 67. Kc4 Bd5+ 68. Kb4 Bb7 69. Bc4 Bc8 70. Bb5 Bb7 71. Kc4 Bd5+ 72. Kd4 Bb7
73. Ke3 Ba8 74. Kf4 Bc6 75. Bxc6 Kxc6 76. Kg4 Kd5 77. c6 Kxc6 78. Kh5 Kd5 79.
Kxh6 Kxe5 1-0

[Event "1617LLO"]
[Site "Mecklenburg-Vorpommern"]
[Date "2017.04.02"]
[Round "8.5"]
[White "Buenz, Heinrich"]
[Black "Klotzsche, Stefan"]
[Result "0-1"]
[WhiteElo "1638"]
[BlackElo "1753"]
[PlyCount "112"]
[EventDate "2016.11.06"]
[EventType "team-tourn"]
[EventRounds "9"]
[SourceDate "2016.10.16"]
[WhiteTeam "SG Neubrandenburg II"]
[BlackTeam "Motor Wolgast"]

1. Nf3 e6 2. g3 f5 3. d3 Nf6 4. Bg2 c6 5. Bf4 d5 6. O-O Bd6 7. Ne5 O-O 8. c4
Qe7 9. cxd5 exd5 10. d4 b6 11. Qc2 c5 12. Bg5 Qe6 13. Bxf6 Rxf6 14. Nc3 Bb7 15.
Nf3 h6 16. e3 Nd7 17. Rad1 c4 18. Nh4 Kh8 19. Nb5 Bb8 20. Bh3 Qc6 21. Nc3 g6
22. Nxg6+ Rxg6 23. Qxf5 Rg7 24. Bg2 Qf6 25. Qh5 Rg5 26. Qe8+ Nf8 27. h4 Rf5 28.
Bh3 Bxg3 29. Qxa8 Bxa8 30. fxg3 Rxf1+ 31. Rxf1 Qe7 32. Kg2 Bc6 33. Kf3 b5 34.
a3 Kg7 35. Ke2 a5 36. Bg2 Qd6 37. Rf4 Nd7 38. g4 b4 39. axb4 axb4 40. Nd1 Nf6
41. g5 hxg5 42. hxg5 Ne4 43. Bxe4 dxe4 44. Nf2 Qc7 45. Rf5 Ba4 46. Nxe4 Bc2 47.
Rc5 Qh2+ 48. Nf2 Bd3+ 49. Kf3 Qg1 50. d5 Qxg5 51. e4 Bf1 52. Rc7+ Kf8 53. Ng4
Be2+ 54. Kf2 Qxg4 55. d6 Bd3 56. Re7 Qf4+ 0-1

[Event "1617LLO"]
[Site "Mecklenburg-Vorpommern"]
[Date "2017.04.02"]
[Round "8.7"]
[White "Sommer, Hans Hermann"]
[Black "Boesenberg, Heiko"]
[Result "1/2-1/2"]
[WhiteElo "1639"]
[BlackElo "1585"]
[PlyCount "95"]
[EventDate "2016.11.06"]
[EventType "team-tourn"]
[EventRounds "9"]
[SourceDate "2016.10.16"]
[WhiteTeam "SG Neubrandenburg II"]
[BlackTeam "Motor Wolgast"]

1. e4 e6 2. Nf3 d5 3. e5 Ne7 4. d4 c5 5. c3 Ng6 6. h4 cxd4 7. h5 Ne7 8. cxd4
Bd7 9. Bd3 Nbc6 10. Nc3 Qa5 11. O-O Nf5 12. Bxf5 exf5 13. Qb3 Nb4 14. a3 Bc6
15. Bd2 Na6 16. Rfe1 Nc7 17. Qc2 Bd7 18. Ne2 Qb6 19. Ng3 Rc8 20. Rac1 Ne6 21.
Qxf5 Rxc1 22. Bxc1 Nxd4 23. Qd3 Nxf3+ 24. Qxf3 Be6 25. b4 Be7 26. Nf5 Bxf5 27.
Qxf5 O-O 28. Qd3 Qe6 29. f4 Rc8 30. f5 Qc6 31. Bd2 a6 32. Rc1 Qb6+ 33. Kf1
Rxc1+ 34. Bxc1 Qc7 35. Bf4 Qc4 36. Qxc4 dxc4 37. Ke2 a5 38. Bd2 axb4 39. Bxb4
Bxb4 40. axb4 b5 41. Ke3 Kf8 42. g4 h6 43. Ke4 Ke7 44. Kd4 Kd7 45. Ke4 Kc6 46.
Kd4 Kd7 47. Ke4 Kc6 48. Kd4 1/2-1/2

[Event "1617LLO"]
[Site "Mecklenburg-Vorpommern"]
[Date "2017.04.02"]
[Round "8.8"]
[White "Reimer, Karl"]
[Black "Schulz, Daniel"]
[Result "0-1"]
[WhiteElo "1573"]
[BlackElo "1889"]
[PlyCount "36"]
[EventDate "2016.11.06"]
[EventType "team-tourn"]
[EventRounds "9"]
[SourceDate "2016.10.16"]
[WhiteTeam "Motor Wolgast"]
[BlackTeam "SG Neubrandenburg II"]

1. c4 Nf6 2. Nc3 e5 3. g3 Be7 4. Bg2 O-O 5. Nf3 d6 6. d3 Nc6 7. O-O h6 8. a3 a5
9. Rb1 Be6 10. b4 axb4 11. axb4 Nd7 12. b5 Na5 13. Bd2 f5 14. e3 Nc5 15. Qc2 e4
16. dxe4 Bxc4 17. Rfe1 Bd3 18. Qa2+ Nc4 0-1

[Event "1617LLO"]
[Site "Mecklenburg-Vorpommern"]
[Date "2017.04.02"]
[Round "8.3"]
[White "Bollnow, Alex"]
[Black "Vietinghoff, Klaus"]
[Result "0-1"]
[WhiteElo "1592"]
[BlackElo "1707"]
[PlyCount "40"]
[EventDate "2016.11.06"]
[EventType "team-tourn"]
[EventRounds "9"]
[SourceDate "2016.10.16"]
[WhiteTeam "SAV Torgelow-Droegeheide II"]
[BlackTeam "FHSG Stralsund II"]

1. e4 d6 2. d4 g6 3. Nf3 Bg7 4. Nc3 Bg4 5. h3 Bxf3 6. gxf3 Nd7 7. Be3 Ngf6 8.
Qd2 c6 9. Be2 b5 10. d5 b4 11. dxc6 bxc3 12. cxd7+ Nxd7 13. bxc3 O-O 14. h4 Rc8
15. Bd4 Bxd4 16. cxd4 Nf6 17. Rc1 e5 18. dxe5 dxe5 19. Qxd8 Rfxd8 20. Bd3 Rxd3
0-1

[Event "1617LLO"]
[Site "Mecklenburg-Vorpommern"]
[Date "2017.04.02"]
[Round "8.4"]
[White "Vlach, Michael"]
[Black "Schmekel, Felix"]
[Result "0-1"]
[WhiteElo "1583"]
[BlackElo "1641"]
[PlyCount "75"]
[EventDate "2016.11.06"]
[EventType "team-tourn"]
[EventRounds "9"]
[SourceDate "2016.10.16"]
[WhiteTeam "FHSG Stralsund II"]
[BlackTeam "SAV Torgelow-Droegeheide II"]

1. Nf3 g6 2. d4 Bg7 3. e4 d6 4. c3 h6 5. h3 Nd7 6. Be3 e5 7. dxe5 Nxe5 8. Nxe5
Bxe5 9. Bd3 Be6 10. Qd2 Qd7 11. a4 Bg7 12. a5 a6 13. Na3 Ne7 14. Nc2 Nc6 15. f4
f5 16. exf5 Bxf5 17. g4 Bxd3 18. Qxd3 Qe6 19. Kd2 O-O-O 20. b4 Rhe8 21. Rae1
Qe4 22. Rh2 Bf6 23. Qxe4 Rxe4 24. Rf1 Rc4 25. Bd4 Nxd4 26. cxd4 Re8 27. Rff2
Bxd4 28. Re2 Rxe2+ 29. Rxe2 Bf6 30. Rf2 Kd7 31. f5 gxf5 32. Rxf5 Ke6 33. b5 Rc5
34. b6 cxb6 35. axb6 Rxf5 36. gxf5+ Kxf5 37. Nb4 Bd4 38. Nd5 0-1

[Event "1617LLO"]
[Site "Mecklenburg-Vorpommern"]
[Date "2017.04.02"]
[Round "8.5"]
[White "Greinert, Timo"]
[Black "Klinger, Clemens"]
[Result "1-0"]
[WhiteElo "1805"]
[BlackElo "1566"]
[PlyCount "91"]
[EventDate "2016.11.06"]
[EventType "team-tourn"]
[EventRounds "9"]
[SourceDate "2016.10.16"]
[WhiteTeam "SAV Torgelow-Droegeheide II"]
[BlackTeam "FHSG Stralsund II"]

1. c4 e5 2. Nc3 Nf6 3. g3 Nc6 4. Bg2 Be7 5. e3 O-O 6. Nge2 d6 7. O-O Bg4 8. a3
Rb8 9. b4 a6 10. Bb2 Qd7 11. Qc2 Bf5 12. d3 Bh3 13. Rfd1 Bxg2 14. Kxg2 Qg4 15.
Nd5 Nxd5 16. cxd5 Na7 17. h3 Qd7 18. d4 f6 19. Rac1 Rbc8 20. f4 c6 21. Qb3 Kh8
22. dxe5 fxe5 23. fxe5 Qf5 24. Rf1 Qe4+ 25. Kh2 dxe5 26. Qc3 Bf6 27. Qc5 Nb5
28. dxc6 Rfd8 29. Qb6 bxc6 30. Rf2 h6 31. Nc3 Nxc3 32. Bxc3 Bg5 33. Bd2 Kh7 34.
Qxa6 Rf8 35. Qe2 Rxf2+ 36. Qxf2 Qd3 37. Rf1 Bf6 38. Qf5+ Qxf5 39. Rxf5 Rd8 40.
Rf2 Rd3 41. a4 Ra3 42. a5 Bg5 43. Kg2 Bxe3 44. Bxe3 Rxe3 45. Ra2 Rb3 46. a6 1-0

[Event "1617LLO"]
[Site "Mecklenburg-Vorpommern"]
[Date "2017.04.02"]
[Round "8.7"]
[White "Schmidt, Paul"]
[Black "Jabbusch, Burkhard"]
[Result "0-1"]
[WhiteElo "1424"]
[BlackElo "1587"]
[PlyCount "58"]
[EventDate "2016.11.06"]
[EventType "team-tourn"]
[EventRounds "9"]
[SourceDate "2016.10.16"]
[WhiteTeam "SAV Torgelow-Droegeheide II"]
[BlackTeam "FHSG Stralsund II"]

1. e4 c5 2. d4 cxd4 3. c3 dxc3 4. Nxc3 Nc6 5. Nf3 a6 6. Bc4 e6 7. O-O d6 8. Qe2
Qc7 9. Bf4 Be7 10. Rac1 Qa5 11. Rfd1 Ne5 12. Bxe5 dxe5 13. Bb5+ Kf8 14. Bc4 Nf6
15. a3 b5 16. b4 Qb6 17. Bb3 Qb8 18. Rd2 g6 19. Nd1 Kg7 20. Rdc2 a5 21. Ng5 Ra6
22. Rc7 Ra7 23. Rxa7 Qxa7 24. Qxb5 axb4 25. axb4 Qa3 26. Rb1 Rd8 27. Qxe5 $4
Qxb3 28. Nc3 Qc4 (28... Qxb1+ 29. Nxb1 Rd1#) 29. b5 Bd6 0-1

[Event "1617LLO"]
[Site "Mecklenburg-Vorpommern"]
[Date "2017.04.02"]
[Round "8.1"]
[White "Moeller, Peter"]
[Black "Luethke, Hans Eckart"]
[Result "1/2-1/2"]
[WhiteElo "1962"]
[BlackElo "2099"]
[PlyCount "53"]
[EventDate "2016.11.06"]
[EventType "team-tourn"]
[EventRounds "9"]
[SourceDate "2016.10.16"]
[WhiteTeam "HSG Uni Rostock"]
[BlackTeam "SSC Graal-Mueritz"]

1. d4 Nf6 2. Bf4 c5 3. e3 Nd5 4. Bg3 Qb6 5. Nc3 Nxc3 6. bxc3 e6 7. Bd3 Nc6 8.
Nf3 Qb2 9. Kd2 cxd4 10. exd4 Be7 11. Qe2 O-O 12. Bc7 Qa3 13. Rhb1 Bd8 14. Bxd8
Rxd8 15. Ng5 g6 16. h4 Qe7 17. Rh1 d6 18. f4 h6 19. Nf3 Qf6 20. g3 h5 21. Ng5
Bd7 22. Raf1 Kg7 23. g4 Rh8 24. Ne4 Qe7 25. g5 Rae8 26. Rb1 b6 27. Nf6 1/2-1/2

[Event "1617LLO"]
[Site "Mecklenburg-Vorpommern"]
[Date "2017.04.02"]
[Round "8.2"]
[White "Van Bentum, Horst"]
[Black "Hammel, Ralf"]
[Result "1/2-1/2"]
[WhiteElo "1945"]
[BlackElo "1928"]
[PlyCount "38"]
[EventDate "2016.11.06"]
[EventType "team-tourn"]
[EventRounds "9"]
[SourceDate "2016.10.16"]
[WhiteTeam "SSC Graal-Mueritz"]
[BlackTeam "HSG Uni Rostock"]

1. d4 Nf6 2. Nf3 d5 3. Bf4 e6 4. e3 c5 5. c3 Nc6 6. Bd3 Bd6 7. Bxd6 Qxd6 8.
Nbd2 O-O 9. O-O e5 10. dxe5 Nxe5 11. Nxe5 Qxe5 12. Nf3 Qd6 13. Qa4 Bg4 14. Be2
Bd7 15. Qh4 b5 16. Rfd1 Rfe8 17. Rac1 Re4 18. Qg3 Qxg3 19. hxg3 a5 1/2-1/2

[Event "1617LLO"]
[Site "Mecklenburg-Vorpommern"]
[Date "2017.04.02"]
[Round "8.3"]
[White "Schwetlick, Thomas"]
[Black "Laser, Dirk"]
[Result "1/2-1/2"]
[WhiteElo "1830"]
[BlackElo "1805"]
[PlyCount "80"]
[EventDate "2016.11.06"]
[EventType "team-tourn"]
[EventRounds "9"]
[SourceDate "2016.10.16"]
[WhiteTeam "HSG Uni Rostock"]
[BlackTeam "SSC Graal-Mueritz"]

1. d4 Nf6 2. c4 g6 3. Nc3 Bg7 4. e4 d6 5. Nf3 O-O 6. Be2 e5 7. O-O Nc6 8. d5
Ne7 9. Ne1 Ne8 10. Be3 f5 11. f3 f4 12. Bf2 a5 13. c5 g5 14. cxd6 Nxd6 15. Nb5
Rf6 16. Rc1 Nxb5 17. Bxb5 Bd7 18. Qa4 c6 19. dxc6 bxc6 20. Bc4+ Kh8 21. Rd1 Qe8
22. Bc5 Rh6 23. Rd6 g4 24. Rxh6 Bxh6 25. fxg4 Ng6 26. Qd1 Rd8 27. Bb6 Rb8 28.
Bxa5 Rxb2 29. Bc3 Rb8 30. Rf2 Bf8 31. Nd3 Bg7 32. Rd2 Qe7 33. Rb2 Rxb2 34. Bxb2
Qh4 35. Nf2 Qe7 36. Qb3 Bf8 37. h3 Qc5 38. Kf1 Bd6 39. Be2 Kg7 40. Qc3 Qa7
1/2-1/2

[Event "1617LLO"]
[Site "Mecklenburg-Vorpommern"]
[Date "2017.04.02"]
[Round "8.4"]
[White "Schumann, Lutz"]
[Black "Ivanov, Sergey V"]
[Result "1/2-1/2"]
[WhiteElo "1764"]
[BlackElo "1735"]
[PlyCount "97"]
[EventDate "2016.11.06"]
[EventType "team-tourn"]
[EventRounds "9"]
[SourceDate "2016.10.16"]
[WhiteTeam "SSC Graal-Mueritz"]
[BlackTeam "HSG Uni Rostock"]

1. c4 f5 2. b3 Nf6 3. Bb2 e6 4. g3 Be7 5. Bg2 O-O 6. Nf3 d6 7. O-O e5 8. d3 Qe8
9. Nc3 Qh5 10. Nd5 Bd8 11. Qc2 c5 12. b4 Nxd5 13. cxd5 b6 14. Nxe5 dxe5 15. d6
e4 16. bxc5 bxc5 17. dxe4 Bb7 18. Qxc5 Bb6 19. Qc3 Qf7 20. e5 Bxg2 21. Kxg2 Qe6
22. Rac1 Nd7 23. Qc4 Kf7 24. Qf4 h6 25. h4 Kg8 26. Qc4 Kf7 27. Qf4 Qd5+ 28. Kh2
Ke6 29. Rcd1 Qxa2 30. Rd2 Rac8 31. g4 Qc4 32. gxf5+ Rxf5 33. Qg3 Qf4 34. Qxf4
Rxf4 35. Kg3 Rcf8 36. f3 g5 37. hxg5 hxg5 38. Rh1 Nxe5 39. Rh5 Bd8 40. Rh7 R4f7
41. Rh6+ Rf6 42. Rh7 R8f7 43. Rh8 Rd7 44. Re8+ Kf7 45. Rxe5 Rfxd6 46. Rxd6 Rxd6
47. Rf5+ Kg6 48. e4 a5 49. Rb5 1/2-1/2

[Event "1617LLO"]
[Site "Mecklenburg-Vorpommern"]
[Date "2017.04.02"]
[Round "8.6"]
[White "Rath, Wolfgang"]
[Black "Schroeder, Christian"]
[Result "0-1"]
[WhiteElo "1655"]
[BlackElo "1751"]
[PlyCount "86"]
[EventDate "2016.11.06"]
[EventType "team-tourn"]
[EventRounds "9"]
[SourceDate "2016.10.16"]
[WhiteTeam "SSC Graal-Mueritz"]
[BlackTeam "HSG Uni Rostock"]

1. e4 c5 2. Nf3 d6 3. d4 cxd4 4. Nxd4 Nf6 5. Nc3 a6 6. Be3 e5 7. Nb3 Be6 8. f3
Be7 9. Qd2 Nbd7 10. Nd5 Nxd5 11. exd5 Bf5 12. Bd3 Bg6 13. Bxg6 hxg6 14. O-O-O
Qc7 15. Kb1 Rc8 16. c3 b5 17. Rc1 Nb6 18. Bxb6 Qxb6 19. h3 Bh4 20. Rhf1 Bg3 21.
Rc2 Bf4 22. Qe2 O-O 23. Nc1 Rc5 24. Rd1 Rfc8 25. Nb3 R5c7 26. Nd2 b4 27. c4
Bxd2 28. Rdxd2 b3 29. axb3 Qxb3 30. Rc3 Qb4 31. Rdc2 a5 32. Qd3 a4 33. Kc1 Qc5
34. Kb1 Rb7 35. Ka2 Rb4 36. b3 Ra8 37. bxa4 Rbxa4+ 38. Kb2 Ra2+ 39. Kc1 Ra1+
40. Kd2 Rg1 41. Qe2 Raa1 42. Rc1 Qd4+ 43. Rd3 Qf4+ 0-1

[Event "1617LLO"]
[Site "Mecklenburg-Vorpommern"]
[Date "2017.04.02"]
[Round "8.7"]
[White "Hantel, Thomas"]
[Black "Kundt, Guenther"]
[Result "1/2-1/2"]
[WhiteElo "1648"]
[BlackElo "1566"]
[PlyCount "32"]
[EventDate "2016.11.06"]
[EventType "team-tourn"]
[EventRounds "9"]
[SourceDate "2016.10.16"]
[WhiteTeam "HSG Uni Rostock"]
[BlackTeam "SSC Graal-Mueritz"]

1. d4 d5 2. c4 e6 3. Nf3 Nf6 4. Bg5 Be7 5. Nc3 O-O 6. e3 h6 7. Bh4 b6 8. Bd3
dxc4 9. Bxc4 Bb7 10. O-O Ne4 11. Bxe7 Qxe7 12. Nxe4 Bxe4 13. Bd3 Bxd3 14. Qxd3
Nd7 15. Rac1 c5 16. dxc5 Nxc5 1/2-1/2